Tomodachi Life - Operation Robodachi Lyrics - Statistics

General Stats
  • This quiz has been taken 31 times
  • The average score is 10 of 11
Answer Stats
Answer % Correct
A {Robodachi}
100%
No one can stop {Robodachi}
100%
Operation {Robodachi}
100%
I stay up all {night}
96%
I never get {sleepy}
92%
Is with some {dancing}
92%
{Candy} is all that I eat
88%
The only way to {soothe} my soul
88%
Way down on my {luck}
85%
Hot {groovy} robo dancing
81%
On {days} I’m feeling
81%
No matching quizzes found
Score Distribution
Percent of People with Each Score
Percentile by Number Answered
Your Score History
You have not taken this quiz